Sports Quiz

Random Sports Quiz

Current Manchester United Side Quiz Stats

 Plays Quiz not verified by Sporcle

Score 0/30 Timer 15:00
0 Plays Today
% Correct
Edwin Van Der Sar
90.2%
Wayne Rooney
90.2%
Rio Ferdinand
86.9%
Nemanja Vidic
78.7%
Nani
77%
Paul Scholes
77%
Dimitar Berbatov
77%
Ryan Giggs
75.4%
Michael Carrick
72.1%
Gary Neville
70.5%
Patrice Evra
68.9%
Michael Owen
68.9%
Fabio Da Silva
65.6%
Owen Hargreaves
65.6%
Anderson
65.6%
% Correct
Rafael Da Silva
63.9%
Darren Fletcher
63.9%
John O'Shea
62.3%
Javier Hernandez
62.3%
Jonny Evans
60.7%
Wes Brown
59%
Park Ji-Sung
59%
Federico Macheda
59%
Antonio Valencia
57.4%
Darron Gibson
49.2%
Tomasz Kuszczak
44.3%
Chris Smalling
42.6%
Ben Amos
39.3%
Danny Welbeck
39.3%
Gabriel Obertan
37.7%

You're not logged in!

Compare scores with friends on all Sporcle quizzes.
OR
Log In

Show Comments

Extras

Created Oct 13, 2010ReportNominate
Tags:Manchester, side, united

Top Quizzes Today


Score Distribution

Your Account Isn't Verified!

In order to create a playlist on Sporcle, you need to verify the email address you used during registration. Go to your Sporcle Settings to finish the process.

Report this User

Report this user for behavior that violates our Community Guidelines.

Details: